| 000 | 00468nam a22001817a 4500 | ||
|---|---|---|---|
| 005 | 20220203120645.0 | ||
| 008 | 220203b ||||| |||| 00| 0 eng d | ||
| 020 | _a9788192149127 | ||
| 040 |
_aIN-DiNC _cIN-DiNC |
||
| 041 | _deng | ||
| 082 | _a301/SAI | ||
| 100 |
_aSaikia Pranab _eauthor |
||
| 245 |
_aMasters of sociological thought _cby Pranab Saikia |
||
| 250 | _a1st ed. | ||
| 260 |
_aBaraut _bBalaji publications _c2016 |
||
| 300 | _a247p. | ||
| 942 |
_2ddc _cBK |
||
| 999 |
_c11264 _d11264 |
||